<?xml version="1.0" encoding="UTF-8"?>
<record
    xmlns:xsi="http://www.w3.org/2001/XMLSchema-instance"
    xsi:schemaLocation="http://www.loc.gov/MARC21/slim http://www.loc.gov/standards/marcxml/schema/MARC21slim.xsd"
    xmlns="http://www.loc.gov/MARC21/slim">

  <leader>01439nam a2200301 c 4500</leader>
  <datafield tag="999" ind1=" " ind2=" ">
    <subfield code="c">5291</subfield>
    <subfield code="d">5291</subfield>
  </datafield>
  <controlfield tag="001">a6096144</controlfield>
  <controlfield tag="003">SpMaBN</controlfield>
  <controlfield tag="005">20200812164947.0</controlfield>
  <controlfield tag="008">180118s2017    sp a   | |||| 001 0 spa  </controlfield>
  <datafield tag="015" ind1=" " ind2=" ">
    <subfield code="a">MON1802</subfield>
  </datafield>
  <datafield tag="017" ind1=" " ind2=" ">
    <subfield code="a">B 23053-2017</subfield>
    <subfield code="b">Oficina Dep&#xF3;sito Legal Barcelona</subfield>
  </datafield>
  <datafield tag="020" ind1=" " ind2=" ">
    <subfield code="a">9788499928470</subfield>
  </datafield>
  <datafield tag="040" ind1=" " ind2=" ">
    <subfield code="a">SpMaBN</subfield>
    <subfield code="b">spa</subfield>
    <subfield code="c">SpMaBN</subfield>
    <subfield code="e">rdc</subfield>
  </datafield>
  <datafield tag="082" ind1=" " ind2=" ">
    <subfield code="a">786.8 H263c 2017</subfield>
  </datafield>
  <datafield tag="100" ind1="1" ind2=" ">
    <subfield code="a">Harding, Luke</subfield>
  </datafield>
  <datafield tag="245" ind1="1" ind2="0">
    <subfield code="a">Conspiraci&#xF3;n :</subfield>
    <subfield code="b">c&#xF3;mo Rusia ayud&#xF3; a Trump a ganar las elecciones / </subfield>
    <subfield code="c">Luke Harding ; traducci&#xF3;n de Francisco J. Ramos Mena</subfield>
  </datafield>
  <datafield tag="260" ind1=" " ind2=" ">
    <subfield code="a">Barcelona : </subfield>
    <subfield code="b">Debate,</subfield>
    <subfield code="c">2017</subfield>
  </datafield>
  <datafield tag="300" ind1=" " ind2=" ">
    <subfield code="a">344 p&#xE1;ginas [8] p&#xE1;ginas, de l&#xE1;minas.</subfield>
  </datafield>
  <datafield tag="490" ind1="0" ind2=" ">
    <subfield code="a">Pol&#xED;tica</subfield>
  </datafield>
  <datafield tag="504" ind1=" " ind2=" ">
    <subfield code="a">Incluye &#xCD;ndice</subfield>
  </datafield>
  <datafield tag="520" ind1=" " ind2=" ">
    <subfield code="a">En Conspiraci&#xF3;n, el galardonado periodista Luke Harding, relata la convulsa historia que desvela en exclusiva las estrechas relaciones de la administraci&#xF3;n Trump con Mosc&#xFA;, y el juego pol&#xED;tico puesto en marcha por Rusia desde hace d&#xE9;cadas para desestabilizar la democracia estadounidense.

Mosc&#xFA;. Julio de 1987. El multimillonario magnate neoyorquino visita Rusia por primera vez, invitado por el gobierno sovi&#xE9;tico.</subfield>
  </datafield>
  <datafield tag="600" ind1="1" ind2="7">
    <subfield code="a">Trump, Donald</subfield>
    <subfield code="d">1946-</subfield>
    <subfield code="2">Sears</subfield>
  </datafield>
  <datafield tag="650" ind1=" " ind2="7">
    <subfield code="a">Campa&#xF1;as electorales</subfield>
    <subfield code="z">Estados Unidos</subfield>
    <subfield code="2">Sears</subfield>
  </datafield>
  <datafield tag="651" ind1=" " ind2="7">
    <subfield code="a">Rusia</subfield>
    <subfield code="x">Relaciones</subfield>
    <subfield code="z">Estados Unidos</subfield>
    <subfield code="2">Sears</subfield>
  </datafield>
  <datafield tag="651" ind1=" " ind2="7">
    <subfield code="a">Estados Unidos</subfield>
    <subfield code="x">Relaciones</subfield>
    <subfield code="z">Rusia</subfield>
    <subfield code="2">Sears</subfield>
  </datafield>
  <datafield tag="700" ind1=" " ind2=" ">
    <subfield code="a"> Ramos Mena, Francisco J </subfield>
    <subfield code="e">traducci&#xF3;n</subfield>
  </datafield>
  <datafield tag="942" ind1=" " ind2=" ">
    <subfield code="2">ddc</subfield>
    <subfield code="c">BK</subfield>
    <subfield code="z">3</subfield>
  </datafield>
  <datafield tag="952" ind1=" " ind2=" ">
    <subfield code="0">0</subfield>
    <subfield code="1">0</subfield>
    <subfield code="2">ddc</subfield>
    <subfield code="4">0</subfield>
    <subfield code="7">0</subfield>
    <subfield code="8">CG</subfield>
    <subfield code="a">BJHA</subfield>
    <subfield code="b">BJHA</subfield>
    <subfield code="c">GEN</subfield>
    <subfield code="d">2019-03-25</subfield>
    <subfield code="i">19-02277</subfield>
    <subfield code="l">0</subfield>
    <subfield code="o">786.8 H263c 2017</subfield>
    <subfield code="p">19-02277</subfield>
    <subfield code="r">2019-03-25 00:00:00</subfield>
    <subfield code="t">e.1</subfield>
    <subfield code="w">2019-03-25</subfield>
    <subfield code="y">BK</subfield>
  </datafield>
</record>
